Les maltraitances : Thérapie familiale de réseau (notice n° 2225421)
[ vue normale ]
| 000 -LEADER | |
|---|---|
| fixed length control field | 02046cam a2200169 4500500 |
| 005 - DATE AND TIME OF LATEST TRANSACTION | |
| control field | 20260426020104.0 |
| 041 ## - LANGUAGE CODE | |
| Language code of text/sound track or separate title | fre |
| 042 ## - AUTHENTICATION CODE | |
| Authentication code | dc |
| 100 10 - MAIN ENTRY--PERSONAL NAME | |
| Personal name | Nisse, Martine |
| Relator term | author |
| 245 00 - TITLE STATEMENT | |
| Title | Les maltraitances : Thérapie familiale de réseau |
| 260 ## - PUBLICATION, DISTRIBUTION, ETC. | |
| Date of publication, distribution, etc. | 2005.<br/> |
| 500 ## - GENERAL NOTE | |
| General note | 83 |
| 520 ## - SUMMARY, ETC. | |
| Summary, etc. | Cet article tente d’analyser les mouvements inconscients et imaginaires impliqués dans les passages à l’acte d’un parent sur son enfant. Après avoir présenté le cadre d’observation, à savoir les dysfonctionnements de la relation enfant parent, l’agir est envisagé comme processus. Ce processus s’amorce sur l’effacement de la fonction symbolique, ce qui rend possible la résolution dans l’action d’un conflit narcissique. La maltraitance comme passage à l’acte est ainsi envisagée d’un double point de vue : - D’un point de vue dynamique, l’agir est analysé comme un processus dont les différentes étapes fonctionnent en diallèle. - D’un point de vue étiologique, l’analyse porte sur les atteintes narcissiques à l’origine du processus. |
| 520 ## - SUMMARY, ETC. | |
| Summary, etc. | The unconscious acting moments within a child’s aggression by his parent This article tries to analyze the unconscious and imaginary movements at work, in the acting-out of a parent on his own child. After a presentation of the observation setting, that is to say the dysfunctional child parent relationship, acting-out is studied as a process. The process starts up with the erasure of the symbolic function, which in turn leads to the possibility of the narcissistic conflict resolution. The ill-treatment as an acting-out is thus studied from a double point of view : - A dynamic one, acting out is analyzed as a process in which every step functions as diallels. - An etiologic one, the analysis scrutinizes the narcissistic impacts |
| 786 0# - DATA SOURCE ENTRY | |
| Note | Imaginaire & Inconscient | 16 | 2 | 2005-11-01 | p. 33-40 | 1628-9676 |
| 856 41 - ELECTRONIC LOCATION AND ACCESS | |
| Uniform Resource Identifier | <a href="https://shs.cairn.info/revue-imaginaire-et-inconscient-2005-2-page-33?lang=fr&redirect-ssocas=7080">https://shs.cairn.info/revue-imaginaire-et-inconscient-2005-2-page-33?lang=fr&redirect-ssocas=7080</a> |
Pas d'exemplaire disponible.




Réseaux sociaux